Normal view
MARC view
Entry Personal Name
001 - CONTROL NUMBER
- control field: 10581
003 - CONTROL NUMBER IDENTIFIER
- control field: BD-RjUL
005 - DATE AND TIME OF LATEST TRANSACTION
- control field: 20231218112543.0
008 - FIXED-LENGTH DATA ELEMENTS
- fixed length control field: 231218|| aca||aabn | a|a d
040 ## - CATALOGING SOURCE
- Original cataloging agency: BD-RjUL
- Transcribing agency: BD-RjUL
100 ## - HEADING--PERSONAL NAME
- Personal name: فروزانفر، بدىع الزمان. ;; Furūzānfar, Badīʻ al-Zamān
670 ## - SOURCE DATA FOUND
- Source citation: Work cat.: (BD-RjUL)82488: فروزانفر، بدىع الزمان. ;; Furūzānfar, Badīʻ al-Zamān, مآخذ قصص و تمثىلات مثنوى ;; Maʼākhiz̲-i qiṣaṣ va tams̲īlāt-i Mas̲navī /, [1347 i.e. 1969]